000 00388nam a2200145Ia 4500
005 20251222144633.0
008 251222s9999||||xx |||||||||||||| ||spa||
020 _a84-400-6705-4
082 _a249.76/S45
100 _aAlonso, Severino María
245 0 _aLa Vida Consagrada:
250 _a9a.ed.
264 _bFondo Editorial Instituto Tecnológico de Vida Religiosa
942 _cLIB
999 _c16397
_d16397